ARRUPE JESUIT UNIVERSITY

CORONAVIRUS -STOP THE SPREAD - CLEAN,DISINFECT,COVER

Marching blacks, (Record no. 131466)

MARC details
000 -LEADER
fixed length control field 00857cam a2200265 a 4500
001 - CONTROL NUMBER
control field 6000858
003 - CONTROL NUMBER IDENTIFIER
control field ARRUPE
005 - DATE AND TIME OF LATEST TRANSACTION
control field 20220519122518.0
008 - FIXED-LENGTH DATA ELEMENTS--GENERAL INFORMATION
fixed length control field 821203s1945 nyu b 000 0 eng
010 ## - LIBRARY OF CONGRESS CONTROL NUMBER
LC control number 46001158
040 ## - CATALOGING SOURCE
Original cataloging agency DLC
Transcribing agency CarP
Modifying agency DLC
043 ## - GEOGRAPHIC AREA CODE
Geographic area code n-us---
050 00 - LIBRARY OF CONGRESS CALL NUMBER
Classification number E185.6
Item number .P8
051 ## - LIBRARY OF CONGRESS COPY, ISSUE, OFFPRINT STATEMENT
Classification number Microfilm 52109 E
Copy information Replaces LC copy 1.
300 ## - PHYSICAL DESCRIPTION
Dimensions 21 cm.
100 1# - MAIN ENTRY--PERSONAL NAME
Personal name Powell, Adam Clayton,
Dates associated with a name 1908-1972.
9 (RLIN) 51691
245 10 - TITLE STATEMENT
Title Marching blacks,
Remainder of title an interpretive history of the rise of the black common man, /
Statement of responsibility, etc by Adam Clayton Powell, Jr.
260 ## - PUBLICATION, DISTRIBUTION, ETC. (IMPRINT)
Place of publication, distribution, etc New York :
Name of publisher, distributor, etc Dial Press,
Date of publication, distribution, etc 1945.
300 ## - PHYSICAL DESCRIPTION
Extent 218 p. ;
504 ## - BIBLIOGRAPHY, ETC. NOTE
Bibliography, etc Bibliography: p. 215-218.
650 #0 - SUBJECT ADDED ENTRY--TOPICAL TERM
Topical term or geographic name as entry element African Americans
General subdivision History.
9 (RLIN) 50556
906 ## - LOCAL DATA ELEMENT F, LDF (RLIN)
a 7
b cbc
c premver
d 1
e ncip
f 19
g y-gencatlg
942 ## - ADDED ENTRY ELEMENTS (KOHA)
Source of classification or shelving scheme Library of Congress Classification
Koha item type Monograph ( Printed materials)
Holdings
Withdrawn status Lost status Source of classification or shelving scheme Damaged status Not for loan Collection code Home library Current library Shelving location Date acquired Total Checkouts Full call number Barcode Date last seen Price effective from Koha item type
    Library of Congress Classification     Main Collection ARRUPE LIBRARY ARRUPE LIBRARY Main Collection 19/05/2022   E185.6 .P8 46600008626 19/05/2022 19/05/2022 Monograph ( Printed materials)

 

Arrupe Library. PO Box MP320 Mt Pleasant, Harare, Zimbabwe
263 242 745411|librarian@aju.ac.zw